000 00817nam a2200289Ia 4500
003 OSt
005 20220912150641.0
006 a|||||r|||| 00| 0
007 ta
008 220909b |||||||| |||| 00| 0 eng d
020 _a9810238622 (hbd)
024 _a6772
037 _bWorkdSci,
037 _cTextual
040 _aCSL
_beng
_cCSL
041 _aeng
082 _aCN2, N9
100 _aRuelle David
245 0 _aStatistical mechanics: rigorous results
260 _aSingapore
_bWorld Scientific
_c1999
300 _axiii,219p
500 _aBibliographical references; Index 217-219p; ^n23/CSL/C/2000-2001/52^d2000-04-11^mPurchase
650 _a Statistical mechanics
650 _aPhysics
942 _hCN2, N9
_cTEXL
_2CC
999 _c51825
_d51825